6 Bands on Q - Statistics

General Stats
  • This quiz has been taken 13 times
  • The average score is 3 of 6
Answer Stats
Answer % Correct
Queen
100%
Queensrÿche
73%
Quiet Riot
73%
Queens of the Stone Age
36%
the Quarrymen
9%
La Quinta Estacion
0%
No matching quizzes found
Score Distribution
Percent of People with Each Score
Percentile by Number Answered
Your Score History
You have not taken this quiz